|
|
|
|
| LEADER |
00000nab a2200000 a 4500 |
| 001 |
vtls008774233 |
| 003 |
SK-MaSNL |
| 005 |
20260304144734.0 |
| 008 |
250505c2006 xo |||| |h| 000 b|slo |
| 015 |
|
|
|a SNBRB2006/03
|2 snkbucl
|
| 035 |
|
|
|a (uuid)379f4de0-e49f-45f4-93cb-3c639a7fe481
|
| 035 |
|
|
|a urn:nbn:sk:snk-ab2q51
|
| 035 |
|
|
|a (urnnbn)urn:nbn:sk:snk:ar-a02r6r
|
| 038 |
|
|
|a SNKBUCL
|
| 040 |
|
|
|a SNKBUCL
|b slo
|c SNKBUCL
|e AACR2
|
| 041 |
0 |
|
|a slo
|
| 044 |
|
|
|a xo
|c SK
|
| 080 |
|
|
|a 069-051
|2 1997
|
| 080 |
|
|
|a 929 Sopoliga, Miroslav
|2 1997
|
| 100 |
1 |
|
|a Varchol, Jozef,
|d 1950-
|4 aut
|9 28385
|
| 245 |
1 |
0 |
|a Jubileum PhDr. Miroslava Sopoligu, DrSc.
|c Jozef Varchol
|
| 300 |
|
|
|b Fotogr.
|
| 600 |
1 |
7 |
|a Sopoliga, Miroslav,
|d 1946-
|2 snkbucl
|9 233065
|
| 655 |
|
7 |
|a profily
|2 snkbucl
|9 341977
|
| 773 |
0 |
|
|t Múzeum
|g Roč. LII, č. 1 (2006), s. 46-47
|x 0027-5263
|
| 850 |
|
|
|a Slovenská národná knižnica
|
| 852 |
|
|
|a Slovenská národná knižnica
|
| 954 |
|
|
|a odborná, vedecká literatúra pôvodná (slovenská)
|2 lita
|
| 958 |
|
|
|a article27
|
| 958 |
|
|
|a OND
|
| 958 |
|
|
|a EUIPO
|
| 999 |
|
|
|c 2932949
|d 2934879
|